Quiz By Decade - 1990's - Statistics

General Stats
  • This quiz has been taken 390 times
  • The average score is 10 of 20
Answer Stats
Year Question Answer % Correct
1994 This man becomes the first black President of South Africa Nelson Mandela
94%
1999 This US President became the second to be impeached Bill Clinton
91%
1997 Who famously dies in a car crash in a Parisian underpass? Princess Diana
89%
1995 Which American football player was acquitted of double homocide? O.J. Simpson
85%
1998 Which film won 11 Academy Awards, tying with Ben-Hur? Titanic
81%
1998 The name of a new drug nicknamed the 'Blue Pill' Viagra
71%
1996 What was the name of the sheep that was the first to be cloned? Dolly
70%
1999 Who is killed in a plane crash off the coast of Martha's Vineyard? John F. Kennedy Jr.
61%
1990 What was the name of the telescope that was launched into low orbit? Hubble Space Telescope
60%
1993 Which European country dissolved with the Velvet Divorce? Czechoslovakia
47%
1994 What is the name of the tunnel which opened to connect the UK and France? The Channel Tunnel
45%
1994 The tribe which was the main perpetrators of the Rwandan Genocide Hutu
43%
1991 How many new countries were given independence in this year? 17
39%
1990 Tim Berners-Lee is credited with this invention World Wide Web
37%
1997 Which building becomes the first World's tallest building outside the United States since 1901? Petronas Towers
32%
1998 What peace agreement is signed in Northern Ireland? Good Friday Agreement
27%
1996 San Jose Clashes won the first game of which US Sports League? Major League Soccer
24%
1995 Which city was most affected y the Great Hanshin earthquake? Kobe
14%
1991 Cease-fire ends which Middle East war? Persian Gulf
11%
1992 In which city was an Israeli embassy bombed? Buenos Aires
6%
No matching quizzes found
Score Distribution
Percent of People with Each Score
Percentile by Number Answered
Your Score History
You have not taken this quiz